Sort out the ifs and whens (Record no. 69369)

MARC details
000 -LEADER
fixed length control field 01509cam a2200253 4500
001 - CONTROL NUMBER
control field ABS64981
008 - FIXED-LENGTH DATA ELEMENTS--GENERAL INFORMATION
fixed length control field 020128n2001 000 0 eng u
035 ## - SYSTEM CONTROL NUMBER
System control number (Sirsi) u116497
100 ## - MAIN ENTRY--PERSONAL NAME
Personal name Atkinson, D
245 ## - TITLE STATEMENT
Title Sort out the ifs and whens
260 ## - PUBLICATION, DISTRIBUTION, ETC.
Date of publication, distribution, etc. 2001
490 ## - SERIES STATEMENT
Series statement Construction News
Volume/sequential designation (6745) 6 December 2001, 33(1)
520 ## - SUMMARY, ETC.
Summary, etc. Discusses a recent decision, "Durabella v Jarvis", which established that a pay-when-paid clause is reasonable if the employer is insolvent. Subcontractors faced with non-payment and a pay-when-paid clause should establish whether the contract is covered by the Construction Act 1996 as 'if' clauses are unenforceable except in cases of insolvency and whether it is an 'if' clause (conditional on payment) or a 'when' clause (setting time for payment only). With an 'if' clause the subcontractor may not be able to enforce the clause if non-payment is due to the contractor's default. If non-payment is due to the breakdown of the main contract administration, the contractor may not be able to enforce the clause if he has not taken steps to enforce his right to payment.
590 ## - LOCAL NOTE (RLIN)
Local note ABS
650 ## - SUBJECT ADDED ENTRY--TOPICAL TERM
Topical term or geographic name entry element SUBCONTRACTORS
650 ## - SUBJECT ADDED ENTRY--TOPICAL TERM
Topical term or geographic name entry element PAY WHEN PAID CLAUSES
650 ## - SUBJECT ADDED ENTRY--TOPICAL TERM
Topical term or geographic name entry element CONTRACTORS
650 ## - SUBJECT ADDED ENTRY--TOPICAL TERM
Topical term or geographic name entry element NON-PAYMENT
650 ## - SUBJECT ADDED ENTRY--TOPICAL TERM
Topical term or geographic name entry element DURABELLA V JARVIS
650 ## - SUBJECT ADDED ENTRY--TOPICAL TERM
Topical term or geographic name entry element SMITH & SMITH GLASS LTD V WINSTONE ARCHITECTURAL CLADDING
650 ## - SUBJECT ADDED ENTRY--TOPICAL TERM
Topical term or geographic name entry element THOMAS DYER & CO V BISHOP INTERNATIONAL ENGINEERING CO
690 ## - LOCAL SUBJECT ADDED ENTRY--TOPICAL TERM (OCLC, RLIN)
Topical term or geographic name as entry element BUILT ENVIRONMENT-BUILDING CONTRACT FORMS
942 ## - ADDED ENTRY ELEMENTS (KOHA)
Suppress in OPAC 0
Holdings
Withdrawn status Lost status Source of classification or shelving scheme Damaged status Not for loan Home library Current library Shelving location Date acquired Total Checkouts Full call number Barcode Date last seen Copy number Price effective from Koha item type
    Dewey Decimal Classification     London London Journal article 28/01/2002   ABS64981 116497-1001 06/08/2019 1 06/08/2019 Journal article